00347nam a22001097a 4500008004100000020001800041082001200059100002000071245008100091260004000172300002500212241107b |||||||| |||| 00| 0 eng d a9781566479806 a813.54  aMcKinney, Chris aBoi No Good :bA novel of family, crome and betrayal in a Hawai'i of turmoil aHawaii :bMutual publishing,c2012. axv p.400; c20.2 Cm.